000 00656nam a2200229Ia 4500
001 17145
003 GE_BSU
008 181216s||||||||xx |||||||||||||| ||und||
040 _cGE_BSU
080 _a821.353.1-32
100 _aბეჟანიშვილი, როსტომ
245 _aლილოჭრელი
245 _bმოთხრობები
245 _cრედ.ც.ჩხაიძე
260 _aთბილისი
260 _bნაკადული
260 _c1977
300 _a200გვ. ; 20სმ.
653 _aლილოჭრელი
653 _aმოთხრობები
942 _cBK
999 _c50207
_d50207